|
|
|
|
| LEADER |
01453nam a2200301 a 4500 |
| 001 |
16892657 |
| 008 |
121126s2011 enka b 001 0 eng d |
| 010 |
|
|
|a 2011453676
|
| 020 |
|
|
|a 9781444109887 (pbk.)
|
| 020 |
|
|
|a 144410988X (pbk.)
|
| 040 |
|
|
|a UKM
|c UKM
|d CDX
|d SINIE
|d YDXCP
|d BWX
|d DLC
|d BD-DhAAL
|
| 082 |
0 |
0 |
|a 414
|2 23
|
| 100 |
1 |
|
|a Davenport, Michael,
|d 1954-
|
| 240 |
1 |
0 |
|a Introducing phonetics and phonology
|
| 245 |
1 |
0 |
|a Introducing phonetics and phonology /
|c Mike Davenport, S.J. Hannahs.
|
| 250 |
|
|
|a 3rd ed.
|
| 260 |
|
|
|a London :
|b Hodder Education,
|c c2011.
|
| 300 |
|
|
|a xvii, 255 p. :
|b some ill. ;
|c 25 cm.
|
| 500 |
|
|
|a Previous ed.: London: Arnold, 2005.
|
| 504 |
|
|
|a Includes bibliographical references (p. [247]-249) and indexes.
|
| 505 |
2 |
|
|a Introduction to articulatory phonetics -- Consonants -- Vowels -- Acoustic phonetics -- Above the segment -- Features -- Phonemic analysis -- Phonological alternations, processes and rules -- Phonological structure -- Derivational analysis -- Constraint-based analysis -- Constraining the model.
|
| 541 |
|
|
|e 00026244
|
| 650 |
|
0 |
|a Phonetics.
|
| 650 |
|
0 |
|a Grammar, Comparative and general
|x Phonology.
|
| 700 |
1 |
|
|a Hannahs, S. J.
|
| 852 |
4 |
|
|a Ayesha Abed Library
|j General shelf
|
| 999 |
|
|
|c 12965
|d 12965
|
| 952 |
|
|
|0 0
|1 0
|4 0
|6 414_000000000000000_DAV
|7 0
|9 21439
|a BRACUL
|b BRACUL
|c GEN
|d 2012-11-26
|e Riza Enterprize
|g 765.00
|l 6
|m 37
|o 414 DAV
|p 3010026244
|r 2025-06-24
|s 2025-06-18
|t 1
|w 2012-11-26
|y BK
|